| 000 | 00829nam a22002057a 4500 | ||
|---|---|---|---|
| 999 |
_c16833 _d16833 |
||
| 003 | AR-CdUCM | ||
| 008 | 190503b ||||| |||| 00| 0 spa d | ||
| 040 |
_aMUNICIPALIDAD PROVINCIAL DEL CUSCO _cBIBLIOTECA MUNICIPAL DEL CUSCO |
||
| 082 |
_a338.91 / _bM56 |
||
| 100 |
_aMijailov, M. I. _936526 |
||
| 245 | _aLa revolución industrial / | ||
| 260 |
_aBuenos Aires : _bCartago, _c1964. |
||
| 300 |
_a152 páginas ; _c20 cm. |
||
| 505 | _aContenido: Cusas y premisas históricas de la revolución industrial -- Etapa fundamentales del desarrollo de la técnica -- Consecuencias económicas y sociales de la revolución industrial y comienzos del movimiento obrero en Inglaterra ... | ||
| 650 |
_aRevolución _9844 |
||
| 650 |
_aIndustrial _911684 |
||
| 650 |
_aEconomía _9382 |
||
| 942 |
_2ddc _cLIBROS |
||
| 945 |
_aacv _d2019-05-06 |
||